| 000 | 00478nam a2200169 i 4500 | ||
|---|---|---|---|
| 001 | 88254 | ||
| 003 | ES-MaACL | ||
| 005 | 20230906175827.0 | ||
| 007 | t| | ||
| 008 | 050103s1967 sp ||||1| spa d | ||
| 100 | 1 |
_aLaín Entralgo, Pedro, _d1908-2001 _969681 |
|
| 245 | 1 | 0 |
_aEntre nosotros _b: comedia dramática / _cPedro Laín Entralgo. |
| 260 |
_aMadrid : _bAlianza, _c1967. |
||
| 300 |
_a166 p. ; _c18 cm. |
||
| 852 |
_aES-MaACL _jC-31986 _bR.62562 |
||
| 999 |
_c88254 _d88254 |
||